| 000 | 00441nam a2200193Ia 4500 | ||
|---|---|---|---|
| 005 | 20250603145711.0 | ||
| 008 | 250603s9999 xx 000 0 und d | ||
| 020 | _a978-81-259-2794-5 | ||
| 050 | _aHF 5547 .K83/ | ||
| 100 | _aKuchhal, M.C. | ||
| 245 | 0 | _aSecretarial practice | |
| 250 | _a18th ed. | ||
| 260 | _aNew Delhi | ||
| 260 | _bVikas publishing | ||
| 260 | _c2008 | ||
| 300 | _a647 p | ||
| 650 | _aNew Delhi | ||
| 942 | _cBK | ||
| 999 |
_c42597 _d42597 |
||